Lugar de intervención y primer respondiente (Registro nro. 12804)

Detalles MARC
000 -Cabecera
Campo de control de longitud fija 01071nam a22004097a 4500
005 - Fecha y hora de la última transacción
Campo de control 20251016125226.0
008 - Elementos de longitud fija--Información general
Campo de control de longitud fija 200922b2018 xxu||||| |||| 00| 0 spa d
020 ## - International Standard Book Number
Número Internacional Estándar del Libro (ISBN) 9786076106853
041 ## - Idioma
Código de idioma Español
082 ## - Clasificación Decimal Dewey
Número de clasificación 363.25 L864l
100 ## - Entrada principal--Autor personal
Nombre personal López Gutiérrez, Francisco
9 (RLIN) 59134
245 ## - Título propiamente dicho
Título Lugar de intervención y primer respondiente
260 ## - Pie de imprenta
Lugar de publicación, distribución, etc. México
260 ## - Pie de imprenta
Nombre del editor, distribuidor, etc. Flores
260 ## - Pie de imprenta
Fecha de publicación, distribución, etc. 2018
300 ## - Descripción física
Extensión 210 páginas
490 ## - Serie
Título de la Serie Investigación Criminal
650 ## - Materia general
Temática (materia general) INVESTIGACIÓN CRIMINAL
650 ## - Materia general
Temática (materia general) CRIMINALÍSTICA
650 ## - Materia general
Temática (materia general) HISTORIA
650 ## - Materia general
Temática (materia general) ESCENA DEL CRIMEN
650 ## - Materia general
Temática (materia general) INDICIOS
650 ## - Materia general
Temática (materia general) EVIDENCIA
650 ## - Materia general
Temática (materia general) PRUEBA
650 ## - Materia general
Temática (materia general) EQUIPOS DE PERITICIA
650 ## - Materia general
Temática (materia general) ESCENA DE LOS HECHOS
650 ## - Materia general
Temática (materia general) ESCENA DELICTIVA
650 ## - Materia general
Temática (materia general) PRESERVACIÓN DE PRUEBAS
650 ## - Materia general
Temática (materia general) MUESTRAS
650 ## - Materia general
Temática (materia general) PRIMER RESPONDIENTE
650 ## - Materia general
Temática (materia general) LUGAR DE INTERVENCIÓN
650 ## - Materia general
Temática (materia general) PERITO
650 ## - Materia general
Temática (materia general) PERITO AUXILIAR
650 ## - Materia general
Temática (materia general) EQUIPO DE PERITOS
650 ## - Materia general
Temática (materia general) AGENTES DE PATRULLAS
942 ## - Punto de acceso adicional KOHA
Tipo de ítem KOHA Libro
Fuente del sistema de clasificación o colocación Dewey Decimal Classification
Existencias
Signatura completa Código de barras Programa Académico Tipo de ítem
363.25 L864l 25037 Investigación Criminal Libro